| 000 | 00425nam a22001697a 4500 | ||
|---|---|---|---|
| 003 | NUST - PNEC | ||
| 005 | 20170116180847.0 | ||
| 008 | 150824b xxu||||| |||| 00| 0 eng d | ||
| 020 | _a8185749612 | ||
| 040 | _cLIBRARY | ||
| 082 | _a620.0042 Gil | ||
| 100 |
_95513 _a Gill, P. S |
||
| 245 |
_aEngineering graphics and drafting _cP. S,Gill |
||
| 260 | _cc 2001 | ||
| 650 |
_95514 _aMechanical drawing _x- |
||
| 942 |
_2ddc _cBK |
||
| 999 |
_c64495 _d64495 |
||